000 00346nam a2200133Ia 4500
008 240624s9999 xx 000 0 und d
041 _aeng
082 _a332.042 IIB
100 _aINDIAN INSTITUTE OF BANKING AND FINANCE
245 _aINTERNATIONAL TRADE FINANCE
260 _c2017
_aNew Delhi
_bTaxmann
300 _a304 , p.
365 _cRS
_b30
999 _c28877
_d28877